000 00634nam a2200217Ia 4500
003 OSt
005 20240703104514.0
008 210716s1993 xx 000 0 und d
040 _cAIMIT LIBRARY
041 _aeng
082 _a005.1331
_21
_bSMIN
100 _aSmith, Norman E.
_9172379
245 _aIllustrated borland c++ /
_cBy Norman E Smith.
250 _a1st ed.
260 _aNew Delhi :
_bBPB Publications ,
_c1993.
300 _aviii,374p. ;
_bPB
_c23 cm.
650 _aLogical expressions
_9172380
650 _aVirtual functions
_9172381
650 _aPreprocessor
_9172382
942 _2ddc
_cBK
_e1st ed.
_k005.1331 SMIN
999 _c182477
_d182477